01792 2200193 4500001002100000005001500021035002000036245009900056100001600155250001700171300003500188700002400223260003200247082001100279084001700290020002200307600002400329520124500353INLIS00000000000106220250502103209 a0010-05250000061 aSalman Akidah Akhlak :bUntuk Madrasah Ibtidaiyah Kelas IV /cAbdul Haris; Laili Faridah Haris0 aAbdul Haris acetakan ke-1 avi, 144 hlm :bilus ;c27,5 cm0 aLaili Faridah Haris aSidoarjo :bMasmedia,c2021 a372.84 a372.84 ABD s a978-602-232-088-3 4aBuku Teks Pelajaran aBuku Akidah Akhlak tingkat Madrasah Ibtidaiyah ini disusun berdasarkan Kompetensi Inti (KI) dan Kompetensi Dasar (KD) sesuai dengan Keputusan Menteri Agama (KMA) No. 183 tahun 2019 tentang Kurikulum PAI dan Bahasa Arab pada Madrasah. Dengan buku ini, peserta didik diharapkan memiliki kemampuan memahami dan melaksanakan ibadah dengan benar yang didasarkan pada kaidah dan tata cara yang diajarkan Rasulullah saw. Selain itu, peserta didik juga dapat mengambil hikmah dari ibadah yang dilakukan sehingga bisa berperilaku santun, arif, dan bijaksana. Buku ini disusun dengan menggunakan pendekatan saintifik (berpikir ilmiah) dan mengembangkan penilaian autentik. Dengan pendekatan saintifik peserta didik diajak mengalami belajar dengan melakukan kegiatan mengamati, menanya, mengumpulkan informasi/mencoba, menalar/mengasosiasi, dan mengomunikasikan. Penilaian autentik dikembangkan agar peserta didik dapat mencapai Standar Kompetensi secara profesional, terbuka, sesuai konteks sosial-budaya dan dapat dilaporkan secara objektif, terukur, akuntabel, dan informatif. Buku ini juga disajikan dengan menggunakan teks yang mudah dipahami, gambar yang mudah dimaknai, suplemen yang mudah dikomunikasikan, dan bersifatĀ kontekstual